000 01324nam a2200217Ia 4500
003 OSt
005 20241011102848.0
007 ca aa aaaaa
008 201103s9999 xx 000 0 und d
040 _cSSBUL
041 _abur
082 _a၂၉၄.၃၄၃၅၀၉ သိန်း
_223
_b၉၃၃၄ S-SAT
100 0 _aသိန်းလွင်၊ ဦး
_911538
245 1 0 _aဆံတော်ရှင်သမိုင်းအကျဥ်းချုပ်နှင့် ကေလာသစေတီတော်ကြီး၏ ထီးတော်ဌက်မြတ်နားတော်၊ စိန်ဖူးတော်များဆက်ကပ်လှူဒါန်းသည့် အတ္ထုပ္ပတ္တိ /
_cဦးသိန်းလွင်၊ တည်းဖြတ်သူ ဦးအံ့မောင်။
260 _aရန်ကုန် ၊
_bလုပ်အားပုံနှိပ်တိုက် ၊
_c၁၉၈၄။
300 _a၁၀၅ စာမျက်နှာ ၊
_c၁၈ စင်တီ။
500 _aS-SAT: Dr. Sai Aung Tun
650 _aကေလာသဆံတော်ရှင်စေတီတေ်
_vသမိုင်း
_955026
700 _aအံ့မောင်၊ ဦး
_eတည်းဖြတ်သူ
_955027
942 _2ddc
_cBK1
999 _c16826
_d16826